Statistiques concernant Top 10 des plus grosses chaînes de restaurants dans le monde

Cliquez ici pour prendre le quiz!

Statistiques générales

  • Ce quiz a été pris 4 091 fois
  • Le résultat moyen est 5 sur 10

Statistiques - réponses

HintRéponse% Correct
2McDonald's
98%
6Burger King
89%
3KFC
76%
1Subway
55%
5Pizza Hut
44%
4Starbucks
39%
8Domino's Pizza
33%
9Wendys
24%
7Dunkin' Donuts
11%
10Baskin Robin
2%

Distribution des résultats

Percentile par nombre de réponses

% des personnes avec chaque résultat

Votre développement - résultats

Vous n’avez pas pris ce quiz